Statistics for Soccer Legends - Best of All Times

Click here to take the quiz!

General Stats

  • This quiz has been taken 491 times
  • The average score is 15 of 30

Answer Stats

RRLegend% Correct
99Cristiano Ronaldo
98%
99Lionel Messi
98%
97Ronaldo Nazário
98%
97Pelé
96%
98Diego Maradona
92%
96Ronaldinho
73%
96Zinedine Zidane
72%
96Johan Cruyff
65%
93Neymar
63%
96Paolo Maldini
60%
95Franz Beckenbauer
47%
95Lev Yashin
44%
95Gerd Müller
43%
98Gianluigi Buffon
43%
94Andrés Iniesta
41%
93Thierry Henry
41%
94Marco Van Basten
39%
94Manuel Neuer
36%
95Ferenc Puskás
35%
94Garrincha
35%
95Michel Platini
34%
94Iker Casillas
32%
94Alfredo Di Stéfano
31%
94Eusébio
31%
92Robert Lewandowski
31%
93George Best
29%
93Fabio Cannavaro
26%
95Roberto Baggio
26%
95Franco Baresi
22%
94Xavi Hernández
9%

Score Distribution

Percentile by Number Answered

Percent of People with Each Score

Your Score History

You have not taken this quiz